Vista normal
Vista MARC
Entrada Geographic Name
Número de registros utilizados en: 3
001 - CONTROL NUMBER
- control field: 69069
003 - CONTROL NUMBER IDENTIFIER
- control field: OSt
005 - DATE AND TIME OF LATEST TRANSACTION
- control field: 20260219195859.0
008 - FIXED-LENGTH DATA ELEMENTS
- fixed length control field: 260219|| aca||aabn | a|a d
040 ## - CATALOGING SOURCE
- Original cataloging agency: OSt
- Transcribing agency: OSt
151 ## - HEADING--GEOGRAPHIC NAME
- Geographic name: Caribe (Región Colombiana
- General subdivision: Vida social y costumbres
- Form subdivision: Novela
670 ## - SOURCE DATA FOUND
- Source citation: Work cat.: (OSt)60556: Rojas Herazo, Héctor, 1921-2002 aut 424, Celia se pudre /